Targówek(osiedla) - Statystyki

Ogólne statystyki
  • Ten quiz został rozwiązany 35 razy
  • Średni wynik to 5 z 7
Statystyki odpowiedzi
Hint Odpowiedź % Poprawnych
Osiedle Zacisze
93%
Osiedle Bródno
90%
Osiedle Targówek Mieszkaniowy
87%
Osiedle Targówek Fabryczny
73%
Osiedle Bródno-Podgrodzie
67%
Osiedle Elsnerów
63%
Osiedle Utrata
40%
Nie znaleziono quizów pasujących do podanych kryteriów
Rozkład punktacji
Procent ludzi z każdym wynikiem
Percentyl według liczby udzielonych odpowiedzi
Twoja historia wyników
Nie rozwiązałeś tego quizu